Izolácia a charakterizácia vybraných obsahových zložiek jahniad a ich využitie ako potravinárske aditíva diplomová práca

Salvato in:
Dettagli Bibliografici
Autore principale: Radványiová, Veronika
Natura: Libro
Lingua:slovacco
Pubblicazione: Bratislava STU FCHPT 2017
Accesso online:Visualizza in OPAC
Tags: Aggiungi Tag
Nessun Tag, puoi essere il primo ad aggiungerne!!

MARC

LEADER 00000nam a2200000 a 4500
005 20260127134202.0
008 170703 2017 xo 001 0 slo d
035 |a vtls011700375 
039 9 |y 201707031223  |z mschk03 
040 |a STUSCHK1  |b slo  |c STUSCHK1  |e AACR2 
100 1 |a Radványiová, Veronika 
245 1 |a Izolácia a charakterizácia vybraných obsahových zložiek jahniad a ich využitie ako potravinárske aditíva  |b diplomová práca  |c Veronika Radványiová 
260 |a Bratislava  |b STU FCHPT  |c 2017 
300 |a 58 s.  |b il.  |c 25 cm 
500 |a Študijný program: výživa a hodnotenie kvality potravín 
500 |a Študijný odbor: potravinárstvo 
500 |a Školiace pracovisko: FCHPT-104540-43239 
500 |a Evid. číslo: FCHPT-104540-43239 
910 |a SCHK95 
999 |c 6144  |d 6144